000 03132cam a22004214i 4500
003 PE-LiUPU
005 20250731183358.0
008 150515s2011 maua rb 000 0 eng d
020 _a9780262515863
035 _a(Sirsi) i9780262515863
040 _aPE-LiUPU
_bspa
_cPE-LiUPU
_erda
049 _aPRUA
082 0 4 _a720.105
_bS3
245 0 0 _aSentient city :
_bubiquitous computing, architecture, and the future of urban space /
_cedited by Mark Shepard.
264 1 _aCambridge, Massachusetts ; London, England :
_bThe MIT Press,
_c[2011].
300 _a229 páginas :
_bilustraciones ;
_c24 cm.
336 _atext
_2rdacontent
337 _aunmediated
_2rdamedia
338 _avolume
_2rdacarrier
504 _aBibliografía al final de cada capitulo.
505 0 _aToward the sentient city / Mark Shepard -- Systems, objectified / Hadas Steiner -- Case studies -- New interaction partners for environmental governance / Amphibioous Architecture: David Benjamin, Soo-in Yang (The Living), Natalie Jeremijenko (xDesign Environmental Health Clinic) -- Structuring participation for an energy commons / Natural Fuse: Usman Haque, Nitipak "Dot" Samsen, Ai Hasegawa (Haque Design + Research) -- Urban digestive systems / Trash Track: MIT SENSEable City Lab -- An intentional failure for the near future / Too Samrt City: David Jimison, JooYoun Paek -- Situating knowledge work in contemporary public spaces / Breakout!: Escape from the Office: Anthony Townsend [and others] -- Essays -- The action is the form / Keller Easterling -- Interaction anxieties / Omar Khan -- New spatial intelligence, or the tree allowed to grow freely, but o man's pattern / Dan Hill -- Boxes towards Bananas: dispersal, intelligence and animal structures / Matthew Fuller -- Unsettling topographic representation / Saskia Sassen -- The urban culture of sentient cities: from an internet of things to a public sphere of things / Matijn de Waal -- Space, finance, and new technologies / Kazys Varnelis -- Your mobility for sale / Trebor Scholz -- Comforts, crisis, and the rise of DIY urbanism / Mimi Zeiger -- Toward the sentient city: expecting the extensible and transmissible city / Anne Galloway -- Pstscript: notes on survival in the sentient city / Mark Shepard.
526 _aP158
526 _aP146
526 _aP17
526 _aP12
526 _aP06
541 _g003-000777;
650 1 4 _aArquitectura y tecnología.
650 0 4 _aArquitectura y sociedad.
650 0 4 _aTecnología de la información
_xAspectos sociales.
700 1 _aShepard, Mark,
_eeditor.
910 _ajche
_bjkc
_cjche
_d20150514
942 _2ddc
_cBOOK
949 _a720.105 S3
_wDEWEY
_c1
_i71362
_lCCODEBUL1
_mBUL
_p32.67
_r0
_sY
_tBOOK
_u2015-5-14
_xINGENIERIA
_PP06
_o.STAFF. Colección General
994 _aC0
_bPEPRU
596 _a1
999 _a720.105 S3
_wDEWEY
_c20015
_i71362
_d20015
_f2021-11-9
_g7
_lCCODEBUL1
_mBUL
_p32.67
_q1
_r0
_sY
_tBOOK
_u2015-5-14
_xINGENIERIA
_PP06
_0COMPRA
_o.STAFF. Colección General
980 _81
_gALBERTO SANCHEZ Responsable de Automatización